La pràctica dels plans de mobilitat : jornada 6 jornada 6
Descripción Física:
[96] f. : il. b/n, taules, map. ; 30 cm
MARC
| LEADER | 00000nam a2200000Ia 4500 | ||
|---|---|---|---|
| 001 | 24260 | ||
| 003 | BGR | ||
| 005 | 20260324180616.0 | ||
| 008 | 160829s1996 xx 000 0 cat d | ||
| 080 | |a Bib-211 | ||
| 111 | |a Jornades Sobre Mobilitat i Qualitat Ambiental Municipal |9 71294 |c (Barcelona : |d 1996) | ||
| 245 | |a La pràctica dels plans de mobilitat : |b jornada 6 | ||
| 260 | |a Barcelona : |b Diputació de Barcelona. Servei del Medi Ambient, |c 1996 | ||
| 300 | |a [96] f. : |b il. b/n, taules, map. ; |c 30 cm | ||
| 590 | |a Dossier de les jornades, celebrades el 19 de juny de 1997 a l'Escola Industrial (Barcelona). | ||
| 590 | |a Text en castellà i català | ||
| 650 | |a Transport |x Aspectes ambientals |x Estudi de casos |9 50005 | ||
| 710 | 1 | |a Barcelona (Catalunya : Província). |b Servei de Medi Ambient |9 53475 | |
| 901 | |a Arxiu | ||
| 942 | |n 1 |2 udc |c JC | ||
| 952 | |0 0 |1 0 |4 0 |6 BIB211 |7 1 |9 55732 |a Arxiu |b Arxiu |d 2016-12-01 |l 0 |o Bib-211 |p 24260 |r 2016-12-01 00:00:00 |w 2016-12-01 |y ARXIU | ||
| 999 | |c 59605 |d 59605 | ||